|
|
|
|
| LEADER |
01222nam a2200301 i 4500 |
| 001 |
c000399235 |
| 003 |
CARM |
| 005 |
20150618130529.0 |
| 008 |
150617s1871 xxk 000 0 eng d |
| 019 |
1 |
|
|a 69793987
|5 LACONCORD2021
|
| 035 |
|
|
|a (OCoLC)1267585303
|5 LACONCORD2021
|
| 040 |
|
|
|a VCAV
|c VCAV
|e rda
|
| 082 |
0 |
4 |
|a 338.205
|
| 110 |
2 |
|
|a Great Britain.
|b Parliament.
|
| 245 |
1 |
0 |
|a Mines :
|b reports of the inspectors of mines, to Her Majesty's Secretary of State for the year 1870.
|
| 264 |
|
1 |
|a London :
|b H.M.S.O,
|c 1871.
|
| 300 |
|
|
|a 161 pages :
|b illustrations, 2 folded plans ;
|c 33 cm.
|
| 336 |
|
|
|a text
|b txt
|2 rdacontent
|
| 337 |
|
|
|a unmediated
|b n
|2 rdamedia
|
| 338 |
|
|
|a volume
|b nc
|2 rdacarrier
|
| 500 |
|
|
|a Presented to both houses of Parliament by command of Her Majesty-Title page.
|
| 650 |
|
0 |
|a Coal mines and mining
|z Great Britain
|
| 650 |
|
0 |
|a Coal mines and mining
|x Accidents
|
| 852 |
8 |
|
|b CARM
|p 0621087
|f BK
|
| 852 |
8 |
|
|b SCAN
|h A3:AH18E0
|i F09111
|p 0621087
|f BK
|
| 999 |
f |
f |
|i 53fef2fe-e480-5baf-8eb6-2d8fe69c5135
|s 6c11e3f6-be89-58ae-b7db-9e8fd2c05fef
|
| 952 |
f |
f |
|p Can circulate
|a CAVAL
|b CAVAL
|c CAVAL
|d CARM 1 Store
|i book
|m 0621087
|
| 952 |
f |
f |
|a CAVAL
|b CAVAL
|c CAVAL
|d Unmapped Location
|e F09111
|f A3:AH18E0
|h Other scheme
|